Rakúsko
Mimoriadna sekcia Trendu. Spolupráca Rakúska a Slovenska. Veľtrhy v Rakúsku. Hospodárstvo Rakúska. Cestovný ruch. Viedeň - európska metropola.
Saved in:
| Format: | Book Chapter |
|---|---|
| Language: | Slovak |
| Subjects: | |
| Tags: |
No Tags, Be the first to tag this record!
|
MARC
| LEADER | 00000naa a2200000 4500 | ||
|---|---|---|---|
| 001 | r033748 | ||
| 005 | 20230921102027.2 | ||
| 041 | 0 | |a slo | |
| 044 | |a SK | ||
| 245 | 1 | 0 | |a Rakúsko |
| 520 | |a Mimoriadna sekcia Trendu. Spolupráca Rakúska a Slovenska. Veľtrhy v Rakúsku. Hospodárstvo Rakúska. Cestovný ruch. Viedeň - európska metropola. | ||
| 610 | 2 | 0 | |a spolupráca hospodárska medzinárodná |
| 610 | 2 | 0 | |a vzťahy ekonomické |
| 610 | 2 | 0 | |a vývoz |
| 610 | 2 | 0 | |a veľtrhy |
| 610 | 2 | 0 | |a situácia hospodárska |
| 610 | 2 | 0 | |a priemysel |
| 610 | 2 | 0 | |a ruch cestovný |
| 610 | 2 | 0 | |a Rakúsko |
| 610 | 2 | 0 | |a Viedeň |